• 首页
  • 本馆介绍
  • 公告通知
  • 最新文献
  • 馆藏检索
  • 电子资源
  • 读者导购
  • 参考咨询
  • 我的图书馆
  • 登录
  • 详细信息显示
  • 放入我的书架
  • 预约/预借图书
  • 作者相关作品
  • 分类相关作品
  • 丛书相关作品
  • 出版社相关作品

书目信息

  • 表格格式
  • 工作单格式
  • 卡片格式
题名:
无线网络通信原理与应用
    
 
作者: 帕勒万 , 克瑞森那莫斯 著 ;刘剑 , 安晓波 , 李春生 译
分册:  
出版信息: 北京   清华大学出版社  2002
页数: 433页
开本: 26cm
丛书名:
单 册:
中图分类: TN925.93
科图分类:
主题词: 无线电通信--通信网
电子资源:
ISBN: 7-302-05807-5
000 00883nam0 2200241 45
001 0303050851
005 20031219104106.3
010    @a7-302-05807-5@dCNY56.00
100    @a20030305d2002 km y0chiy0120 ea
101 0  @achi@ceng
105    @a z 000yy
200 1  @a无线网络通信原理与应用@AWu Xian Wang Luo Tong Xin Yuan Li Yu Ying Yong@f(美)帕勒万(Pahlavan,K.),克瑞森那莫斯(Krishnamurthy,P.)著@F(Mei)Pa Le Wan(Pahlavan,K.),Ke Rui Sen Na Mo Si(Krishnamurthy,P.)Zhu@g刘剑,安晓波,李春生译
210    @a北京@c清华大学出版社@d2002
215    @a433页@d26cm
606 0  @a无线电通信@x通信网
690    @aTN925.93@v4
701  0 @a帕勒万@bPahlavan,K.@4著
701  0 @a克瑞森那莫斯@bKrishnamurthy,P.@4著
702  0 @a刘剑@ALiu Jian@4译
702  0 @a安晓波@AAn Xiao Bo@4译
702  0 @a李春生@ALi Chun Sheng@4译
801    @aCN@bTSTC@c20030305
905    @b320774-778@dTN925.93@e22@f5
    
    无线网络通信原理与应用/(美)帕勒万(Pahlavan,K.),克瑞森那莫斯(Krishnamurthy,P.)著/刘剑,安晓波,李春生译.-北京:清华大学出版社,2002
    433页;26cm
    
    
    ISBN 7-302-05807-5:CNY56.00
    
●
相关链接 在E读中查询图书 在五车中查询图书 在当当中查询图书 在豆瓣中查询图书


正题名:无线网络通信原理与应用     索取号:TN925.93/22         预约/预借

序号 登录号 条形码 馆藏地/架位号 状态 备注
1 0320774   203207742   第三借阅区/ [索取号:TN925.93/22] 在馆    
2 0320775   203207751   第三借阅区/ [索取号:TN925.93/22] 在馆    
3 0320776   203207760   第三借阅区/ [索取号:TN925.93/22] 在馆    
4 0320777   203207779   第三借阅区/ [索取号:TN925.93/22] 在馆    
5 0320778   203207788   第二样本阅览室/ [索取号:TN925.93/22] 在馆    
唐山师范学院图书馆 欢迎您!
大连网信软件有限公司© 版权所有